Trouves les paroles de OLeander d'Hannah Bahng - Statistiques

Statistiques générales
  • Ce quiz a été pris 23 fois
  • Le résultat moyen est 222 sur 241
Statistiques - réponses
Hint Réponse % Correct
. all
100%
. alone
100%
. and
100%
. Another
100%
. another
100%
. awake
100%
. away
100%
. Been
100%
. chasing
100%
. close
100%
. | .. day
100%
. Drinking
100%
. drying
100%
. fading
100%
. Fading
100%
. fall
100%
. falling
100%
. far
100%
. | .. faster
100%
. for
100%
. | .. from
100%
. funny
100%
. heaven
100%
. | .. here
100%
. high
100%
. I
100%
. I'm
100%
. It's
100%
. know
100%
. light
100%
. lonely
100%
. love
100%
. My
100%
. night
100%
. No
100%
. Nothing
100%
. | .. nothing
100%
. on
100%
. prose
100%
. remedy
100%
. Run
100%
. say
100%
. stay
100%
. sun
100%
. tears
100%
. That's
100%
. the
100%
.. The
100%
. They
100%
. to
100%
. too
100%
. | .. Trying
100%
. trying
100%
. | .. waiting
100%
. what
100%
. | .. wide
100%
. you
100%
. You
100%
. your
100%
. you're
100%
. You're
100%
. above
67%
. alcohol
67%
.. are
67%
. at
67%
. Can't
67%
. cause
67%
. changed
67%
. dims
67%
. dove
67%
. Falls
67%
. fuck
67%
. have
67%
. is
67%
. | .. loan
67%
. me
67%
. mourning
67%
. never
67%
. numb
67%
. pretty
67%
. shining
67%
. shows
67%
. since
67%
. | .. tone
67%
. weeping
67%
. with
67%
. | .. Worship
67%
. yearning
67%
. you've
67%
. astray
33%
. calls
33%
. known
33%
. Lead
33%
. lows
33%
. water's
33%
. woes
33%
Aucun quiz correspondant
Distribution des résultats
% des personnes avec chaque résultat
Percentile par nombre de réponses
Votre historique - résultats
Vous n’avez pas pris ce quiz